书目信息 |
| 题名: |
句法-语义界面研究
|
|
| 作者: | 沈园 著 | |
| 分册: | ||
| 出版信息: | 上海 上海教育出版社 2007.11 |
|
| 页数: | 170页 | |
| 开本: | 23cm | |
| 丛书名: | 《西方最新语言学理论译介》丛书 | |
| 单 册: | ||
| 中图分类: | H043 | |
| 科图分类: | ||
| 主题词: | 句法--ju fa--研究 , 语义--yu yi--研究 | |
| 电子资源: | ||
| ISBN: | 978-7-5444-1379-4 | |
| 000 | 01090nam 2200289 450 | |
| 001 | 012008893031 | |
| 005 | 20080305095947.21 | |
| 010 | @a978-7-5444-1379-4@dCNY21.00 | |
| 100 | @a20080305d2007 em y0chiy0120 ea | |
| 101 | 0 | @achi |
| 102 | @aCN@b310000 | |
| 105 | @ay a 000yy | |
| 106 | @ar | |
| 200 | 1 | @a句法-语义界面研究@Aju fa-yu yi jie mian yan jiu@d= Syntax-semantics interface@f沈园著@Fshen yuan zhu@zeng |
| 210 | @a上海@c上海教育出版社@d2007.11 | |
| 215 | @a170页@d23cm | |
| 225 | 0 | @a《西方最新语言学理论译介》丛书@A《xi fang zui xin yu yan xue li lun yi jie》cong shu |
| 320 | @a有书目 (第156-171页) | |
| 330 | @a本书内容包括:句法研究概况、和句法相关的意义、词汇语义表征、映射规则、构式语法、论元结构的一语习得、句法——语义界面研究和二语习得、句法——语义界面研究的方向等。 | |
| 410 | 0 | @12001 @a西方最新语言学理论译介丛书 |
| 510 | 1 | @aSyntax-semantics interface@zeng |
| 606 | 0 | @a句法@Aju fa@x研究 |
| 606 | 0 | @a语义@Ayu yi@x研究 |
| 690 | @aH043@v4 | |
| 701 | 0 | @a沈园@Ashen yuan@4著 |
| 801 | 0 | @aCN@bQSSK@c20080305 |
| 905 | @b282156-58@dH043@eS425@f3 | |
| 句法-语义界面研究= Syntax-semantics interface/沈园著.-上海:上海教育出版社,2007.11 |
| 170页;23cm.-(《西方最新语言学理论译介》丛书) |
| ISBN 978-7-5444-1379-4:CNY21.00 |
| 本书内容包括:句法研究概况、和句法相关的意义、词汇语义表征、映射规则、构式语法、论元结构的一语习得、句法——语义界面研究和二语习得、句法——语义界面研究的方向等。 |
| ● |
| 相关链接 |
|
|
|
正题名:句法-语义界面研究
索取号:H043/S425
 
预约/预借
| 序号 | 登录号 | 条形码 | 馆藏地/架位号 | 状态 | 备注 |
| 1 | 282156 | 202821562 | 语言库209/209语言库 67排1列2层/ [索取号:H043/S425] | 在馆 | |
| 2 | 282157 | 202821571 | 语言库209/209语言库 67排1列2层/ [索取号:H043/S425] | 在馆 | |
| 3 | 282158 | 202821580 | 语言库209/209语言库 67排1列2层/ [索取号:H043/S425] | 在馆 |